00777 a2200181 4500003000500000005001700005020001500022040000900037082001200046100001700058245004300075250002700118260006000145300003100205440001300236505031800249650002800567NUST20221122125752.0 a8120326202 cNust a519,SAS aSastry, S.S. aEngineering Matheematics /cS.S.Sastry aThird EditionbVol :2, aPrentice-Hall of india Private LimitedbNew Delhic2004 axiv, 662 p.:billusc18 cm vVolume-2 aOrdinary Differential Equations (Page-1), Laplace Transforms (Page-174), Fourier Series and Integrals (Page-215), Partial Differential Equations (Page-266), Vector and Tensor Analysis (Page-352), Functions of a Complex Variable (Page-439), Advanced Numerical Methods (Page-541), Nonlinear Optimization (Page-613). aEngineering Matheematic